LEADER 01180nam0-2200373li-450 001 990000256960203316 005 20180312154742.0 010 $a0-13-502949-X 035 $a0025696 035 $aUSA010025696 035 $a(ALEPH)000025696USA01 035 $a0025696 100 $a20001109d1987----km-y0itay0103----ba 101 0 $aeng 102 $aUS 200 1 $aIntroduction to VAX-11 architecture and assembly language$fThomas S. Frank 210 $aEnglewood Cliffs (N.J.)$cPrentice-Hall$dcopyr. 1987 215 $aXIV, 685 p.$cill.$d23 cm 610 1 $ahardware$aarchitettura 610 1 $alinguaggio assembler 610 1 $avax 11 (elaboratore elettronico)-programmazione 676 $a005245$9. 700 1$aFrank,$bThomas S.$0747154 801 $aSistema bibliotecario di Ateneo dell' Università di Salerno$gRICA 912 $a990000256960203316 951 $a005.245 FRA$b0011697 959 $aBK 969 $aSCI 979 $c19900504 979 $c20001110$lUSA01$h1715 979 $c20020403$lUSA01$h1634 979 $aPATRY$b90$c20040406$lUSA01$h1618 996 $aIntroduction to VAX-11 architecture and assembly language$91492387 997 $aUNISA LEADER 00850nam0-22003011i-450 001 990004173480403321 005 20211112163951.0 035 $a000417348 100 $a19990604d1964----km-y0itay50------ba 101 0 $aeng 102 $aGB 105 $af---c---001cy 200 1 $aRuskin today$fchosen and annotated by Kenneth Clark 210 $aLondon$cYohn Murray$d1964 215 $aXXI, 362 p., [9] c. di tav.$d23 cm 610 0 $aRuskin, John$aScritti$aAntologie 676 $a701$v22$zita 700 1$aRuskin,$bJohn$f<1819-1900>$011255 702 1$aClark,$bKenneth$f<1903-1983> 801 0$aIT$bUNINA$gRICA$2UNIMARC 901 $aBK 912 $a990004173480403321 952 $aP.3 BR.C.254$bBibl.32522$fFLFBC 952 $a07.114$b5244$fDARST 959 $aFLFBC 959 $aDARST 996 $aRuskin today$9485885 997 $aUNINA LEADER 03521nam 22006972 450 001 9910790489003321 005 20151005020621.0 010 $a1-139-54024-6 010 $a1-107-23600-2 010 $a1-283-52214-4 010 $a1-139-52745-2 010 $a9786613834591 010 $a1-139-15089-8 010 $a1-139-52625-1 010 $a1-139-53211-1 010 $a1-139-53092-5 010 $a1-139-52864-5 035 $a(CKB)2670000000231648 035 $a(EBL)977199 035 $a(OCoLC)804664891 035 $a(SSID)ssj0000695113 035 $a(PQKBManifestationID)11414183 035 $a(PQKBTitleCode)TC0000695113 035 $a(PQKBWorkID)10675485 035 $a(PQKB)10026136 035 $a(UkCbUP)CR9781139150897 035 $a(MiAaPQ)EBC977199 035 $a(Au-PeEL)EBL977199 035 $a(CaPaEBR)ebr10583296 035 $a(CaONFJC)MIL383459 035 $a(EXLCZ)992670000000231648 100 $a20110901d2012|||| uy| 0 101 0 $aeng 135 $aur||||||||||| 181 $ctxt$2rdacontent 182 $cc$2rdamedia 183 $acr$2rdacarrier 200 10$aChina's security state $ephilosophy, evolution, and politics /$fXuezhi Guo$b[electronic resource] 210 1$aCambridge :$cCambridge University Press,$d2012. 215 $a1 online resource (xiv, 486 pages) $cdigital, PDF file(s) 300 $aTitle from publisher's bibliographic system (viewed on 05 Oct 2015). 311 $a1-107-68884-1 311 $a1-107-02323-8 320 $aIncludes bibliographical references and index. 327 $aHistorical evolution of public security organizations -- From the Social Affairs Department to the Ministry of Public Security -- Leading central security agency: Central Guard Bureau -- Elite security force: Central Guard Regiment -- Armed police and its historical role in CCP politics -- People's Armed Police in the reform era -- Garrison commands -- CCP intelligence agencies and services in the revolutionary era -- The intelligence apparatus and services under the People's Republic of China -- The PLA, security services, and the elite politics. 330 $aChina's Security State describes the creation, evolution, and development of Chinese security and intelligence agencies as well as their role in influencing Chinese Communist Party politics throughout the party's history. Xuezhi Guo investigates patterns of leadership politics from the vantage point of security and intelligence organization and operation by providing new evidence and offering alternative interpretations of major events throughout Chinese Communist Party history. This analysis promotes a better understanding of the CCP's mechanisms for control over both Party members and the general population. This study specifies some of the broader implications for theory and research that can help clarify the nature of Chinese politics and potential future developments in the country's security and intelligence services. 606 $aNational security$zChina$xHistory 606 $aIntelligence service$zChina$xHistory 606 $aPolice$zChina$xHistory 615 0$aNational security$xHistory. 615 0$aIntelligence service$xHistory. 615 0$aPolice$xHistory. 676 $a355/.033051 686 $aPOL040020$2bisacsh 700 $aGuo$b Xuezhi$f1956-$01496111 801 0$bUkCbUP 801 1$bUkCbUP 906 $aBOOK 912 $a9910790489003321 996 $aChina's security state$93720611 997 $aUNINA